000 00407nam a22001697a 4500
005 20160523140305.0
008 160523b xxu||||| |||| 00| 0 eng d
020 _a81-7808-595-X
041 _aeng
082 _b4312
100 _aSubra manian, Mani
_91070
245 _aNetwork Management
260 _aNew Delhi
_bAcademic Faundation
_c2005
300 _a597
650 _aManagement
_9241
942 _cBK
999 _c1458
_d1458